| 000 | 01353cam a2200349 a 4500 | ||
|---|---|---|---|
| 001 | 16021903 | ||
| 003 | ARRUPE | ||
| 005 | 20140506020010.0 | ||
| 008 | 091214s2010 caua b 001 0 eng | ||
| 010 | _a 2009051934 | ||
| 015 |
_aGBB011764 _2bnb |
||
| 016 | 7 |
_a015478723 _2Uk |
|
| 020 | _a9780470485910 (pbk.) | ||
| 020 | _a0470485914 (pbk.) | ||
| 035 | _a(OCoLC)ocn460049993 | ||
| 040 |
_aDLC _cDLC _dYDX _dYDXCP _dVP@ _dUKM _dDLC |
||
| 050 | 0 | 0 |
_aHQ734 _b.M347 2010 |
| 100 | 1 |
_aMarkman, Howard, _d1950- _99835 |
|
| 245 | 1 | 0 |
_aFighting for your marriage : _ba deluxe revised edition of the classic best seller for enhancing marriage and preventing divorce / _cHoward J. Markman, Scott M. Stanley, Susan L. Blumberg. |
| 250 | _a3rd ed. | ||
| 260 |
_aSan Francisco, CA : _bJossey-Bass, _cc2010. |
||
| 300 |
_axiii, 448 p. : _bill. ; _c23 cm. + _e1 DVD (4 3/4 in.) |
||
| 504 | _aIncludes bibliographical references and index. | ||
| 650 | 0 |
_aMarriage. _99836 |
|
| 650 | 0 |
_aInterpersonal relations. _99837 |
|
| 650 | 0 |
_aInterpersonal communication. _99838 |
|
| 700 | 1 |
_aStanley, Scott, _d1955- _99839 |
|
| 700 | 1 |
_aBlumberg, Susan L., _d1959- _99840 |
|
| 906 |
_a7 _bcbc _corignew _d1 _eecip _f20 _gy-gencatlg |
||
| 942 |
_2lcc _cMONOGRAPH _01 |
||
| 999 |
_c120399 _d120399 |
||